01204nam a2200193Ia 4500001001000000003001000010008004100020040002500061041001300086100002900099245008000128250001100208260009500219300002800314500026000342501011400602520026000716650003400976L235-8428IT-CnALBA170116s9999||||xx |||||||||||||| ||und|| aIT-CnALBAcIT-CnALBA aITALIANO aGALLI P. BENEDETTO, OFM. 0aIL B. AMEDEO MENEZ DI SILVA. FRATE MINORE DEL SEC. XV. BIOGRAFIA POPOLARE.  a1a ed. aFIRENZEbCOLLEGIO TIP. S. BONAV. QUARACCHI c1923 [1° Ed.:1923 - Ed.Ling.Originale: 1923] a216 p. (prefazione: 78) aIL SECOLO XV. ORIGINI DEL BEATO. SANTITÀ. SOLITARIO. A GUADALUPE. VERSO L'ITALIA. A MILANO. S. MARIA BRESSANDRO. NEL BRESCIANO. S. MARIA DELLA PACE. S. PIETRO IN MONTORIO. MORTE BEATA. IL SEPOLCRO GLORIOSO. CULTO " AB IMMEMORABILI ". SPOGLIE. RITRATTO.  aSocietà San Paolo EM - Piazza San Paolo, 14 - 12051 ALBA (CN) (non commercial uses only) ® Copyright 2017 aIL SECOLO XV. ORIGINI DEL BEATO. SANTITÀ. SOLITARIO. A GUADALUPE. VERSO L'ITALIA. A MILANO. S. MARIA BRESSANDRO. NEL BRESCIANO. S. MARIA DELLA PACE. S. PIETRO IN MONTORIO. MORTE BEATA. IL SEPOLCRO GLORIOSO. CULTO " AB IMMEMORABILI ". SPOGLIE. RITRATTO.  aMARIA SS. ANGELI SANTI DEMONI